| 000 | 00824nam a2200289 a 4500 | ||
|---|---|---|---|
| 001 | vtls000968305 | ||
| 003 | NLI | ||
| 005 | 20210627095208.0 | ||
| 008 | 120112s1930 nyu 000 0 eng | ||
| 039 | 9 |
_y201201121755 _zEntertech_02 |
|
| 040 | 0 |
_aNLI _beng _cEntertech-2011 _eAACR2 |
|
| 041 | 0 | _aeng | |
| 044 | _anyu | ||
| 084 | _a109.A.79 | ||
| 100 | 1 |
_aSachar, Abram Leon, _d1899- _9909910 |
|
| 245 | 1 | 2 |
_aA history of the Jews / _cAbram Leon Sachar |
| 260 |
_aNew York : _bAlfred A. Knope, _c1930 |
||
| 300 |
_a1v. (various pagings) ; _c24 cm. |
||
| 500 | _aInclude index | ||
| 500 | _aLibrary has 2 cops | ||
| 650 | 0 |
_aJews _xHistory _9761771 |
|
| 887 | _a | ||
| 901 |
_aIMP58232 : _b30.08.2010 |
||
| 901 |
_aIMP58233 : _b30.08.2010 _9c.2 |
||
| 902 | _a109.A.79 | ||
| 999 |
_aVIRTUA _c793448 _d793448 |
||
| 942 |
_2ddc _cBKS |
||